Statistics for 小田急1000形の駅名対照表

Click here to take the quiz!

General Stats

  • This quiz has been taken 255 times
  • The average score is 53 of 77

Answer Stats

HintAnswer% Correct
01急行
98%
02新宿
98%
20新宿
98%
03各駅停車
98%
15小田原
97%
22小田原
97%
06快速急行
96%
18藤沢
96%
19藤沢
96%
17相模大野
95%
09相模大野
95%
03代々木上原
93%
25代々木上原
93%
02準急
92%
24本厚木
92%
08唐木田
92%
30唐木田
92%
12本厚木
92%
06成城学園前
91%
05成城学園前
91%
16町田
90%
10海老名
90%
11海老名
90%
26町田
90%
14新松田
89%
06向ヶ丘遊園
89%
23新松田
89%
15向ヶ丘遊園
89%
12新百合ヶ丘
88%
07新百合ヶ丘
88%
16箱根湯本
86%
21箱根湯本
86%
09伊勢原
80%
28伊勢原
80%
27回送
80%
25回送
80%
30大和
79%
04経堂
79%
31大和
79%
05通勤急行
79%
14経堂
79%
13秦野
76%
08秦野
76%
29綾瀬
74%
26綾瀬
74%
07通勤準急
72%
29試運転
69%
36北千住
69%
35北千住
69%
24試運転
69%
11相武台前
64%
10相武台前
64%
32明治神宮前
55%
34霞ヶ関
55%
33明治神宮前
55%
20江ノ島
50%
27長後
50%
19江ノ島
50%
07長後
50%
18多摩センター
48%
13多摩センター
48%
32代々木公園
43%
31代々木公園
43%
34湯島
42%
35湯島
42%
33霞ヶ関
38%
28団体専用
32%
23団体専用
32%
21箱根湯本/江ノ島
22%
22小田原/江ノ島
22%
03小田原/新松田
12%
02江ノ島/藤沢
10%
17多摩センター/新百合ヶ丘
8%
04多摩センター/新百合ヶ丘
8%
01(基準)
5%
05向ヶ丘遊園/新宿
5%
01(基準)
5%

Score Distribution

Percentile by Number Answered

Percent of People with Each Score

Your Score History

You have not taken this quiz